000 00486nam a2200193Ia 4500
005 20240823024620.0
008 240823s9999||||xx |||||||||||||| ||und||
020 _a978-81-318-0522-0
041 _aENGLISH
082 _A515 P9
100 _aManish Goyal
245 0 _aNumerical Methods and Statistical Techniques Using C
250 _a1st
260 _c2009
_bUNiversity Science
500 _aYES
650 _aNumerical Methods
_bMathematics
942 _cBK
999 _c184335
_d184335